[Event "Let's Play Chess!"]
[Site "http://www.queenalice.com/game.php?id=80050"]
[Date "2006.6.25"]
[Round "-"]
[White "lonely"]
[Black "aseptik"]
[Result "0-1"]
[WhiteElo "1090"]
[BlackElo "1489"]

1. e4 c6 2. d4 d5 3. Nc3 dxe4 4. Nxe4 Bf5 5. Nc3 Nf6 6. Nf3 e6 7. Bd3 Bxd3 8.
Qxd3 Nbd7 9. Bf4 Be7 10. O-O O-O 11. a3 Nb6 0-1

[Event "Challenge"]
[Site "http://www.queenalice.com/game.php?id=80116"]
[Date "2006.6.25"]
[Round "-"]
[White "aseptik"]
[Black "marcolll9"]
[Result "1-0"]
[WhiteElo "1591"]
[BlackElo "1757"]

1. d4 e6 2. Nf3 d5 3. Bf4 c5 4. c3 Nc6 5. e3 Bd6 6. Ne5 Bxe5 7. dxe5 Qb6 8. Qc2
f6 9. exf6 Nxf6 10. Be2 O-O 11. O-O e5 12. Bg3 Bg4 13. f3 Bh5 14. Nd2 Rae8 15.
e4 d4 16. Nc4 Qc7 17. Rfd1 b5 18. Nxe5 Nxe5 19. cxd4 Nxf3+ 20. gxf3 Qc6 21. d5
Qb6 22. Bf2 Rc8 23. Rac1 Nd7 24. Qb3 Qg6+ 25. Kh1 Ne5 26. Rg1 Qd6 27. Bg3 Qf6
28. Bxe5 Qxe5 29. Qc3 Qf4 30. Qxg7# 1-0

[Event "Challenge"]
[Site "http://www.queenalice.com/game.php?id=80121"]
[Date "2006.6.25"]
[Round "-"]
[White "aseptik"]
[Black "kaipivarov"]
[Result "1/2-1/2"]
[WhiteElo "1425"]
[BlackElo "1617"]

1. d4 d5 2. Nf3 Nf6 3. Bf4 Nc6 4. e3 Ne4 5. Nbd2 f5 6. Ne5 Nxe5 7. Bxe5 Nxd2 8.
Qxd2 e6 9. Be2 Rg8 10. c4 Bd6 11. c5 Bxe5 12. dxe5 c6 13. f4 Qh4+ 14. g3 Qe7 15.
Qd4 Bd7 16. b4 Qf7 17. a4 a6 18. Kf2 g5 19. Rhb1 g4 20. Qd1 Qg7 21. b5 h5 22.
bxa6 bxa6 23. Rb7 h4 24. Rab1 hxg3+ 25. hxg3 Ke7 26. Qb3 Rad8 27. Bxa6 Rh8 28.
Bf1 Rh2+ 29. Bg2 Qh8 30. Qb6 Rxg2+ 31. Kxg2 Qh3+ 32. Kf2 Qh2+ 33. Kf1 Qxg3 34.
Qxc6 Qf3+ 35. Ke1 Qxe3+ 36. Kd1 Qd3+ 37. Kc1 Qc3+ 38. Kd1 Qd3+ 39. Kc1 Qc3+ 40.
Kd1 Qd3+ 41. Kc1 Qc3+ 42. Kd1 1/2-1/2

[Event "Challenge"]
[Site "http://www.queenalice.com/game.php?id=80840"]
[Date "2006.6.28"]
[Round "-"]
[White "aseptik"]
[Black "chess99"]
[Result "1-0"]
[WhiteElo "1100"]
[BlackElo "1349"]

1. d4 e6 2. Nf3 d5 3. c4 c6 4. e3 Nf6 5. Nc3 a6 6. c5 Nbd7 7. Be2 Qc7 8. b4 e5
9. dxe5 Nxe5 10. Bb2 Ng6 11. O-O Be7 12. Qc2 O-O 13. Rfd1 Re8 14. Nd4 Ne5 15. e4
Neg4 16. Nf3 Nxe4 17. Nxe4 Bf5 18. Qc3 Nf6 19. Nxf6+ Bxf6 20. Qd2 Bxb2 21. Qxb2
1-0

[Event "PLAY ++"]
[Site "http://www.queenalice.com/game.php?id=82884"]
[Date "2006.7.5"]
[Round "-"]
[White "aseptik"]
[Black "bruno_santiago"]
[Result "0-1"]
[WhiteElo "1528"]
[BlackElo "2014"]

1. d4 Nf6 2. c4 g6 3. Nc3 Bg7 4. e4 d6 5. Nf3 O-O 6. Be2 c5 7. d5 Na6 8. h3 Bd7
9. O-O Nc7 10. Be3 a6 11. Qd2 b5 12. Bd3 Qc8 13. Bh6 Rb8 14. Bxg7 Kxg7 15. e5
dxe5 16. Nxe5 b4 17. Ne4 Nce8 18. Nxd7 Nxd7 19. h4 Nef6 20. Ng3 Ne5 21. Be2 Neg4
22. h5 Rh8 23. Bxg4 Qxg4 24. h6+ Kf8 25. Rfe1 Qxc4 26. d6 e6 27. b3 Qc3 28. Qxc3
bxc3 29. Rac1 Nd5 30. Ne4 Ke8 31. Nxc5 Rb6 32. Ne4 Rc6 33. Red1 f5 34. Ng5 Kd7
35. Nf7 Rhc8 36. Ne5+ Kxd6 37. Nxc6 Rxc6 38. Kf1 Ke5 39. Ke2 Kf4 40. Rd4+ Kg5
41. Rc4 Rb6 42. Rh1 Rb5 43. g3 a5 44. f4+ Kf6 45. Rd1 a4 46. bxa4 Rb2+ 47. Kf3
Rxa2 48. Rc6 Kf7 49. Rb1 Rb2 50. Rc1 Rh2 51. a5 Ra2 52. a6 Kf6 53. Re1 c2 54.
Rexe6+ Kf7 55. Red6 Rxa6 56. Rd7+ Ke8 57. Rcc7 c1=Q 0-1

[Event "vendetta"]
[Site "http://www.queenalice.com/game.php?id=85351"]
[Date "2006.7.12"]
[Round "-"]
[White "brunoparadisi"]
[Black "aseptik"]
[Result "0-1"]
[WhiteElo "1818"]
[BlackElo "1686"]

1. e4 d5 2. exd5 Qxd5 3. Nc3 Qd6 4. d4 Nf6 5. Nf3 a6 6. Be3 b5 7. b3 Bb7 8. Be2
Nbd7 9. O-O e6 10. a4 b4 11. Nb1 a5 12. c4 c5 13. dxc5 Qxd1 14. Rxd1 Nxc5 15.
Nbd2 Be7 16. Rab1 O-O 17. Ne5 Nfe4 18. Nxe4 Bxe4 19. Bd3 Nxd3 20. Nxd3 Rfd8 21.
Bb6 Rxd3 22. Re1 Bf5 23. Rb2 Bd8 24. Be3 Bf6 25. Rbb1 Rxe3 26. fxe3 Bxb1 27.
Rxb1 Rd8 28. Kf2 Kf8 29. h3 Ke7 30. Ke2 Bc3 31. Rd1 Rxd1 32. Kxd1 Kd6 33. Ke2 f5
0-1

[Event "Challenge"]
[Site "http://www.queenalice.com/game.php?id=87522"]
[Date "2006.7.19"]
[Round "-"]
[White "toldowisk"]
[Black "aseptik"]
[Result "1-0"]
[WhiteElo "1805"]
[BlackElo "1762"]

1. e4 d5 2. exd5 Qxd5 3. Nc3 Qd6 4. Bc4 e5 5. Nf3 Be6 6. Bb5+ c6 7. Be2 Be7 8.
d4 Nf6 9. dxe5 Qxd1+ 10. Bxd1 Nd5 11. Bd2 Nd7 12. O-O O-O 13. Nxd5 Bxd5 14. Re1
Rfe8 15. b3 Rad8 16. c4 Be6 17. Bc2 Bf8 18. Ng5 g6 19. Re2 Bg7 20. Bc3 h6 21.
Nxe6 Rxe6 22. Rd1 Kf8 23. f4 Bf6 24. Red2 1-0

[Event "Challenge"]
[Site "http://www.queenalice.com/game.php?id=95658"]
[Date "2006.8.14"]
[Round "-"]
[White "Markus1234567"]
[Black "aseptik"]
[Result "0-1"]
[WhiteElo "1846"]
[BlackElo "1528"]

1. e4 d5 2. e5 c5 3. c3 Nc6 4. d4 Bf5 5. Bb5 e6 6. Nf3 a6 7. Bxc6+ bxc6 8. Bg5
Qb6 9. Qd2 Rb8 10. b3 Be4 11. Qf4 Ne7 12. Nbd2 Ng6 13. Qe3 cxd4 14. Qxd4 Bc5 15.
Qa4 Bxf2+ 16. Ke2 h6 17. Rhf1 hxg5 18. Rxf2 Nf4+ 19. Kf1 Bd3+ 20. Ke1 Qe3+ 21.
Kd1 Bb5 22. Qd4 Be2+ 23. Kc2 Qd3+ 24. Kb2 Qxd4 25. cxd4 Nd3+ 26. Kc2 Nxf2 27. h3
g4 28. Ng1 Bd3+ 29. Kc3 gxh3 30. Nxh3 Nxh3 31. Kxd3 Nf4+ 32. Kc3 Rh2 33. Rf1
Ne2+ 34. Kd3 Rxg2 35. Rh1 Ke7 36. a3 Nf4+ 37. Ke3 g5 38. b4 Re2+ 39. Kf3 Rxd2
40. Rh5 Nxh5 41. Ke3 Ra2 42. Kf3 Rxa3+ 43. Kg4 Rg3+ 44. Kxh5 Rh8# 0-1

[Event "Challenge"]
[Site "http://www.queenalice.com/game.php?id=96234"]
[Date "2006.8.16"]
[Round "-"]
[White "Bruno_de_Paula"]
[Black "aseptik"]
[Result "1-0"]
[WhiteElo "1797"]
[BlackElo "1525"]

1. e4 d5 2. exd5 Qxd5 3. Nc3 Qd6 4. Nf3 Nf6 5. d4 a6 6. Be2 e6 7. O-O Be7 8. Bd3
Nc6 9. Ne4 Nxe4 10. Bxe4 f5 11. Bxc6+ Qxc6 12. Ne5 Qa4 13. Qh5+ Kd8 14. Nf7+ Kd7
15. Ne5+ Kd8 16. Nf7+ Kd7 17. Nxh8 1-0

[Event "Challenge"]
[Site "http://www.queenalice.com/game.php?id=96820"]
[Date "2006.8.17"]
[Round "-"]
[White "aseptik"]
[Black "Nostradamus"]
[Result "0-1"]
[WhiteElo "1717"]
[BlackElo "1837"]

1. d4 d5 2. Nf3 Nf6 3. Bf4 e6 4. e3 c5 5. c3 Nc6 6. Bd3 c4 7. Bc2 Bd6 8. Bg3 b5
9. Nbd2 a5 10. Ne5 Qc7 11. Nxc6 Qxc6 12. Bxd6 Qxd6 13. e4 dxe4 14. Nxe4 Nxe4 15.
Bxe4 Ra7 16. Qg4 f5 17. Qf3 fxe4 18. Qxe4 O-O 19. O-O Bb7 20. Qe3 Bd5 21. Rfe1
Qf4 22. Qh3 Qxf2+ 0-1

[Event "Challenge"]
[Site "http://www.queenalice.com/game.php?id=101224"]
[Date "2006.8.31"]
[Round "-"]
[White "aseptik"]
[Black "Alan"]
[Result "0-1"]
[WhiteElo "1503"]
[BlackElo "1787"]

1. d4 d5 2. Nf3 Bf5 3. Bf4 e6 4. e3 Nf6 5. c4 Be7 6. Nc3 Nc6 7. Ne5 Nxe5 8. dxe5
Ne4 9. Rc1 Nxc3 10. bxc3 O-O 11. Bd3 Bxd3 12. Qxd3 c6 13. cxd5 cxd5 14. O-O Qa5
15. Rb1 Rab8 16. c4 dxc4 17. Qxc4 Rbc8 18. Qe2 Rfd8 19. e4 Rc7 20. Rb5 Qa6 21.
Qb2 Qc6 22. Rb1 Qxe4 23. Rxb7 Rxb7 0-1

[Event "Challenge"]
[Site "http://www.queenalice.com/game.php?id=102710"]
[Date "2006.9.5"]
[Round "-"]
[White "Bluto"]
[Black "aseptik"]
[Result "1-0"]
[WhiteElo "1726"]
[BlackElo "1516"]

1. e4 d5 2. exd5 Qxd5 3. Nc3 Qd6 4. Nf3 Nf6 5. d4 a6 6. Bc4 e6 7. Qe2 b5 8. Bb3
Bb7 9. O-O Be7 10. Bg5 Nbd7 11. Rfd1 O-O 12. d5 exd5 13. Nxd5 Bxd5 14. Bxd5 Nxd5
15. Bxe7 Nf4 16. Qe4 1-0

[Event "AUTO-INT-181"]
[Site "http://www.queenalice.com/game.php?id=108865"]
[Date "2006.9.22"]
[Round "1"]
[White "aseptik"]
[Black "J_Ricardo"]
[Result "1-0"]
[WhiteElo "1524"]
[BlackElo "1581"]

1. d4 d5 2. c4 Nf6 3. Nf3 dxc4 4. Nc3 e6 5. Bg5 h6 6. Bxf6 Qxf6 7. e4 Bb4 8.
Bxc4 Nc6 9. O-O b6 10. d5 exd5 11. exd5 Ne5 12. Re1 Bxc3 13. bxc3 O-O 14. Nxe5
Qg5 15. Qf3 Bf5 16. Nc6 a6 17. Ne7+ Kh8 18. Qxf5 Qxf5 19. Nxf5 b5 20. Bd3 Rad8
21. c4 bxc4 22. Bxc4 a5 23. Re7 Rc8 24. Rb1 a4 25. Rb7 Kg8 26. h4 a3 27. d6 cxd6
28. Nxd6 Kh7 29. Bd3+ f5 30. Rxg7+ Kh8 31. Rh7+ Kg8 32. Rbg7# 1-0

[Event "AUTO-INT-181"]
[Site "http://www.queenalice.com/game.php?id=108866"]
[Date "2006.9.22"]
[Round "1"]
[White "J_Ricardo"]
[Black "aseptik"]
[Result "0-1"]
[WhiteElo "1582"]
[BlackElo "1496"]

1. d4 d5 2. e3 Nf6 3. Nf3 Bg4 4. h3 Bxf3 5. Qxf3 e6 6. Bb5+ c6 7. Bd3 Nbd7 8.
Bd2 b5 9. b4 Bd6 10. e4 dxe4 11. Bxe4 Nxe4 12. Qxe4 Rc8 13. Qg4 O-O 14. Bc3 Nf6
15. Qf3 Qe7 16. Nd2 Bxb4 17. a3 Bxa3 18. O-O b4 19. Nb1 bxc3 20. Nxa3 Qb4 21.
Qf4 c5 22. dxc5 Qxf4 23. Nb5 Rxc5 24. Nxa7 Ne4 25. g3 Nxg3 26. fxg3 Qxg3+ 27.
Kh1 Qxh3+ 28. Kg1 Qg3+ 29. Kh1 Rh5# 0-1

[Event "Let's Play Chess!"]
[Site "http://www.queenalice.com/game.php?id=127067"]
[Date "2006.11.9"]
[Round "-"]
[White "jpfaro"]
[Black "aseptik"]
[Result "0-1"]
[WhiteElo "1598"]
[BlackElo "1562"]

1. e4 d5 2. Qf3 dxe4 3. Qxe4 Nf6 4. Qh4 e5 5. Nf3 Be7 6. d3 Nc6 7. Nc3 Bg4 8.
Be2 Qd7 9. Bg5 O-O-O 10. h3 Be6 11. d4 h6 12. Bxf6 Bxf6 13. Qe4 Bf5 14. Qd5 Qxd5
15. Nxd5 Rxd5 16. c3 exd4 17. Rd1 Re8 18. c4 Rd7 19. Kf1 d3 20. Ke1 dxe2 21. Rd5
Rxd5 22. cxd5 Nb4 23. g4 Bxb2 24. Kd2 Be4 25. Kxe2 Bxd5+ 26. Kd2 Bxf3 27. Rb1
Re2+ 28. Kd1 Rxf2+ 29. Ke1 Nd3# 0-1